000 01245cai a22001815a 4500
001 L143251
008 080421u xxk g 000 0 eng d
035 _a(Sirsi) u143251
041 0 _aeng
110 1 _aUnited Kingdom
_bMinistry of Justice
_95477
245 0 0 _aMinistry of Justice
_h[electronic resource]
520 _aDetails the work of this government department with jurisdiction over the legal system in England and Wales. Includes guides to both civil and criminal procedure rules as well as to courts and their procedures, including the technology and construction court. Also offers downloads including consultation papers, statistics, current Bills and recent Acts, corporate information, policy reports and research. Includes a news section and offers a point of contact for information on courts, the justice system, human rights, information rights, law and policy regarding elections and the constitution, as well as information on prisons and probation.
590 _aKA
651 4 _aEngland and Wales
_y1543-
690 _aMANAGEMENT-DISPUTE AVOIDANCE, MANAGEMENT AND RESOLUTION-DISPUTE MANAGEMENT AND RESOLUTION
856 4 0 _uhttps://www.justice.gov.uk
_zView the website free of charge at www.justice.gov.uk...
942 _n0
999 _c120660
_d120660